| 000 | 00539nam a2200169Ia 4500 | ||
|---|---|---|---|
| 003 | IN-BaIIA | ||
| 008 | 211028s9999 xx 000 0 eng d | ||
| 040 | _cIIA Library | ||
| 080 |
_a535.33 _bHER |
||
| 100 |
_aHerzberg Gerard _912776 |
||
| 245 | 0 |
_aMolecular spectra and molecular structure _bI, spectra of diatomic molecules _cGerard Herzberg |
|
| 260 |
_aNew York _bD. Van Nostrand _c1950 |
||
| 300 | _axv, 658p. | ||
| 500 | _aDonated by Mrs. Bappu | ||
| 650 | _aNASA Thesaurus | ||
| 942 | _cBK | ||
| 999 |
_c7503 _d7503 |
||